[Event "Winnipeg TNT January op"]
[Site "Winnipeg CAN"]
[Date "2008.01.15"]
[Round "2"]
[White "Cleto, Sam"]
[Black "Mundwiler, Les"]
[Result "0-1"]
[WhiteElo "1870"]
[BlackElo "2049"]
[PlyCount "147"]
[GameId "2160767910549263"]
[EventDate "2008.01.08"]
[EventType "swiss"]
[EventRounds "4"]
[EventCountry "CAN"]
[SourceTitle "EXT 2011"]
[Source "ChessBase"]
[SourceDate "2011.11.26"]
[SourceVersion "1"]
[SourceVersionDate "2011.11.26"]
[SourceQuality "1"]

1. Nf3 c5 2. g3 Nc6 3. Bg2 d5 4. c3 Nf6 5. O-O h6 6. b4 cxb4 7. cxb4 Nxb4 8. Ne5 Nc6 9. d4 e6 10. Qa4 Bd7 11. Nxd7 Qxd7 12. Nd2 Be7 13. Nb3 b6 14. Bf4 O-O 15. Rac1 Rfc8 16. e4 dxe4 17. Rfd1 Ne5 18. Qa6 Nc6 19. Be5 Nb4 20. Qe2 Nbd5 21. Bxf6 Bxf6 22. Bxe4 Rxc1 23. Rxc1 Rc8 24. Rxc8+ Qxc8 25. Bxd5 exd5 26. Qb5 Qd8 27. a4 a5 28. Qc6 g6 29. h4 h5 30. Kg2 Kg7 31. Kg1 Be7 32. Nd2 Qd6 33. Qe8 Qe6 34. Nf3 Bf6 35. Qb8 Qe4 36. Ne5 Qxd4 37. Nd7 Be7 38. Qxb6 Qd1+ 39. Kg2 Qxa4 40. Qb2+ d4 41. Ne5 Bf6 42. Nd3 Qc6+ 43. Kh2 Qc3 44. Qe2 Qc4 45. Qf3 Qe6 46. Qa8 Qf5 47. Qa6 Qd5 48. Kg1 Qb3 49. Nc5 Qb4 50. Qa7 Qe1+ 51. Kg2 d3 52. Nxd3 Qe4+ 53. Kg1 Qxd3 54. Qxa5 Qd1+ 55. Kg2 Bd4 56. Qa2 Qe1 57. Qc2 Qxf2+ 58. Qxf2 Bxf2 59. Kxf2 Kf6 60. Ke3 Kf5 61. Kf3 f6 62. Kf2 Kg4 63. Kg2 g5 64. hxg5 fxg5 65. Kh2 Kf3 66. Kh3 Kf2 67. g4 h4 68. Kh2 Kf3 69. Kh3 Kf4 70. Kg2 Kxg4 71. Kh2 Kh5 72. Kh3 g4+ 73. Kg2 Kg5 74. Kh2 0-1

[Event "Winnipeg TNT January op"]
[Site "Winnipeg CAN"]
[Date "2008.01.15"]
[Round "2"]
[White "Gibbons, Lorne"]
[Black "Evans, Brian"]
[Result "0-1"]
[WhiteElo "1273"]
[BlackElo "1508"]
[PlyCount "30"]
[GameId "2160767910549264"]
[EventDate "2008.01.08"]
[EventType "swiss"]
[EventRounds "4"]
[EventCountry "CAN"]
[SourceTitle "EXT 2011"]
[Source "ChessBase"]
[SourceDate "2011.11.26"]
[SourceVersion "1"]
[SourceVersionDate "2011.11.26"]
[SourceQuality "1"]

1. d4 d5 2. c4 e6 3. Bf4 Nf6 4. Nf3 c5 5. Bxb8 Rxb8 6. Qa4+ Bd7 7. Qc2 cxd4 8. Nxd4 Qa5+ 9. Qc3 Bb4 10. Nxe6 Bxc3+ 11. bxc3 Bxe6 12. cxd5 Nxd5 13. e4 Nxc3 14. Nxc3 Qxc3+ 15. Ke2 Bc4+ 0-1

[Event "Winnipeg TNT January op"]
[Site "Winnipeg CAN"]
[Date "2008.01.15"]
[Round "2"]
[White "Green, Aaron"]
[Black "Magnusson, Saul"]
[Result "1-0"]
[WhiteElo "1563"]
[BlackElo "1453"]
[PlyCount "121"]
[GameId "2160767910549265"]
[EventDate "2008.01.08"]
[EventType "swiss"]
[EventRounds "4"]
[EventCountry "CAN"]
[SourceTitle "EXT 2011"]
[Source "ChessBase"]
[SourceDate "2011.11.26"]
[SourceVersion "1"]
[SourceVersionDate "2011.11.26"]
[SourceQuality "1"]

1. e4 d5 2. exd5 Qxd5 3. Nf3 Nf6 4. Nc3 Qd6 5. d4 a6 6. g3 b5 7. Bg2 Bb7 8. Bf4 Qb6 9. a3 e6 10. O-O Bd6 11. Be3 c5 12. dxc5 Bxc5 13. Bxc5 Qxc5 14. Qd4 Qc6 15. Nh4 Qc7 16. Rfe1 O-O 17. Rad1 Nc6 18. Qd6 Qb6 19. Qd2 Rfd8 20. Qc1 Rac8 21. Rxd8+ Rxd8 22. Qe3 Qc7 23. h3 Na5 24. Bxb7 Qxb7 25. Rd1 Rxd1+ 26. Nxd1 Nc4 27. Qd4 h6 28. Ng2 Qf3 29. Qd8+ Kh7 30. Qd3+ Qxd3 31. cxd3 Nd2 32. Nge3 Nd7 33. d4 Kg6 34. Nc2 a5 35. Kg2 Nb8 36. f3 Nc6 37. Kf2 b4 38. axb4 axb4 39. Ke3 Nb3 40. Nf2 f5 41. Nd3 Nca5 42. Ne5+ Kf6 43. Nxb4 Ke7 44. Nbc6+ Kd6 45. Nxa5 Nxa5 46. Kd3 Nb3 47. Nc4+ Kc6 48. g4 g5 49. Ne5+ Kd5 50. gxf5 exf5 51. Nf7 Nxd4 52. Nxh6 f4 53. Ng4 Nxf3 54. Nf2 Ne5+ 55. Kc3 Nd7 56. b4 f3 57. Kd3 Ke6 58. Ke3 Ne5 59. Ng4 Nc4+ 60. Kxf3 Kf5 61. Ne3+ 1-0

[Event "Winnipeg TNT January op"]
[Site "Winnipeg CAN"]
[Date "2008.01.15"]
[Round "2"]
[White "Greenberg, Harley"]
[Black "Tang, Edward"]
[Result "1/2-1/2"]
[WhiteElo "1820"]
[BlackElo "1970"]
[PlyCount "53"]
[GameId "2160767910549266"]
[EventDate "2008.01.08"]
[EventType "swiss"]
[EventRounds "4"]
[EventCountry "CAN"]
[SourceTitle "EXT 2011"]
[Source "ChessBase"]
[SourceDate "2011.11.26"]
[SourceVersion "1"]
[SourceVersionDate "2011.11.26"]
[SourceQuality "1"]

1. d4 Nf6 2. c4 e6 3. Nf3 d5 4. g3 Be7 5. Bg2 O-O 6. Nc3 Ne4 7. Nxe4 dxe4 8. Ne5 f6 9. Ng4 e5 10. Ne3 exd4 11. Nd5 f5 12. Nxe7+ Qxe7 13. Qxd4 c5 14. Qc3 Nc6 15. Be3 Rd8 16. h4 h6 17. Bh3 Be6 18. Rg1 Qd6 19. Bf4 Qd4 20. g4 fxg4 21. Bxg4 Bxg4 22. Rxg4 Nb4 23. Rc1 Nxa2 24. Qxd4 cxd4 25. Rd1 Rd7 26. Be5 Re8 27. Rxd4 1/2-1/2

[Event "Winnipeg TNT January op"]
[Site "Winnipeg CAN"]
[Date "2008.01.15"]
[Round "2"]
[White "Kernetsky, Myron"]
[Black "Atem, James"]
[Result "0-1"]
[WhiteElo "1896"]
[BlackElo "1842"]
[PlyCount "72"]
[GameId "2160767910549267"]
[EventDate "2008.01.08"]
[EventType "swiss"]
[EventRounds "4"]
[EventCountry "CAN"]
[SourceTitle "EXT 2011"]
[Source "ChessBase"]
[SourceDate "2011.11.26"]
[SourceVersion "1"]
[SourceVersionDate "2011.11.26"]
[SourceQuality "1"]

1. d4 d5 2. c4 b6 3. cxd5 Nf6 4. Nc3 Nxd5 5. e4 Nxc3 6. bxc3 e6 7. Nf3 Be7 8. Bb5+ c6 9. Bd3 O-O 10. O-O Bb7 11. Qe2 Nd7 12. e5 c5 13. Rd1 Qc7 14. Ng5 g6 15. Ne4 c4 16. Bc2 b5 17. Bh6 Rfc8 18. a3 a6 19. Qg4 Nb6 20. h4 Nd5 21. h5 Qd7 22. hxg6 fxg6 23. Re1 Re8 24. Ng3 Bf8 25. Bd2 Bg7 26. Ne4 Bc8 27. Qh3 Rf8 28. Ng5 h5 29. Bxg6 Nf4 30. Bxf4 Rxf4 31. Be4 Rb8 32. Nf3 Qf7 33. Qg3 Bb7 34. Bg6 Qf8 35. Nh4 Bd5 36. Bc2 Rg4 0-1

[Event "Winnipeg TNT January op"]
[Site "Winnipeg CAN"]
[Date "2008.01.15"]
[Round "2"]
[White "Lauritson, Jim"]
[Black "Liu, Weixi"]
[Result "1-0"]
[WhiteElo "1998"]
[BlackElo "1922"]
[PlyCount "50"]
[GameId "2160767910549268"]
[EventDate "2008.01.08"]
[EventType "swiss"]
[EventRounds "4"]
[EventCountry "CAN"]
[SourceTitle "EXT 2011"]
[Source "ChessBase"]
[SourceDate "2011.11.26"]
[SourceVersion "1"]
[SourceVersionDate "2011.11.26"]
[SourceQuality "1"]

1. d4 d5 2. c4 c6 3. Nf3 Nf6 4. e3 dxc4 5. Bxc4 Nbd7 6. Nc3 e6 7. O-O Be7 8. e4 O-O 9. Bf4 b5 10. Bd3 a6 11. Rc1 c5 12. d5 Nh5 13. Be3 Nb6 14. Ne5 Nf6 15. Nc6 Qc7 16. Nxe7+ Qxe7 17. e5 Nfd7 18. d6 Qd8 19. f4 Bb7 20. Ne4 c4 21. Bb1 f6 22. Qh5 Qe8 23. Nxf6+ Nxf6 24. Qxe8 Nxe8 25. Bxb6 Bc6 1-0

[Event "Winnipeg TNT January op"]
[Site "Winnipeg CAN"]
[Date "2008.01.15"]
[Round "2"]
[White "Letain, Cory"]
[Black "Wood, Nathaniel"]
[Result "0-1"]
[WhiteElo "1362"]
[BlackElo "1593"]
[PlyCount "49"]
[GameId "2160767910549269"]
[EventDate "2008.01.08"]
[EventType "swiss"]
[EventRounds "4"]
[EventCountry "CAN"]
[SourceTitle "EXT 2011"]
[Source "ChessBase"]
[SourceDate "2011.11.26"]
[SourceVersion "1"]
[SourceVersionDate "2011.11.26"]
[SourceQuality "1"]

1. d4 Nf6 2. c4 e6 3. Nf3 b6 4. g3 Bb7 5. Bg2 c5 6. O-O Qc7 7. Bf4 d6 8. b3 a6 9. Nc3 cxd4 10. Nxd4 e5 11. Bxb7 Qxb7 12. Bxe5 dxe5 13. Nf5 Qd7 14. Qc2 Nc6 15. a3 Nd4 16. Nxd4 exd4 17. Rfd1 Rd8 18. Ne4 Be7 19. Nxf6+ Bxf6 20. Qe4+ Qe6 21. Qb7 a5 22. e3 O-O 23. exd4 Bxd4 24. Re1 Qd7 25. Qf3 0-1

[Event "Winnipeg TNT January op"]
[Site "Winnipeg CAN"]
[Date "2008.01.15"]
[Round "2"]
[White "Lipnowski, Samuel"]
[Black "Adol, Deng"]
[Result "1-0"]
[WhiteElo "2290"]
[BlackElo "1804"]
[PlyCount "93"]
[GameId "2160767910549270"]
[EventDate "2008.01.08"]
[EventType "swiss"]
[EventRounds "4"]
[EventCountry "CAN"]
[SourceTitle "EXT 2011"]
[Source "ChessBase"]
[SourceDate "2011.11.26"]
[SourceVersion "1"]
[SourceVersionDate "2011.11.26"]
[SourceQuality "1"]

1. e4 e5 2. Nf3 Nc6 3. Bb5 Bd6 4. O-O Nge7 5. d4 exd4 6. Nxd4 O-O 7. Nc3 a6 8. Be2 Kh8 9. Bg5 f6 10. Be3 f5 11. Nxf5 Nxf5 12. exf5 Rxf5 13. g3 b6 14. Bd3 Re5 15. Bf4 Re6 16. Bf5 Bxf4 17. Bxe6 dxe6 18. Qxd8+ Nxd8 19. gxf4 Kg8 20. Rad1 Bb7 21. f3 Bc6 22. Kf2 Nf7 23. Rfe1 Re8 24. Ne4 Nh6 25. Ng5 Nf5 26. Rxe6 Nd6 27. Rxe8+ Nxe8 28. Ne6 h6 29. Rd8 Kf7 30. Nxc7 Ke7 31. Rxe8+ Bxe8 32. Nxe8 Kxe8 33. f5 Kf7 34. Ke3 Kf6 35. Kf4 h5 36. h4 a5 37. a4 g6 38. fxg6 Kxg6 39. Ke5 Kf7 40. f4 Ke7 41. f5 Kd7 42. Kf6 Ke8 43. Kg7 Kd7 44. f6 b5 45. axb5 a4 46. f7 a3 47. bxa3 1-0

[Event "Winnipeg TNT January op"]
[Site "Winnipeg CAN"]
[Date "2008.01.15"]
[Round "2"]
[White "Wierda, John"]
[Black "Silva, T Romero"]
[Result "0-1"]
[WhiteElo "1679"]
[BlackElo "1774"]
[PlyCount "117"]
[GameId "2160767910549271"]
[EventDate "2008.01.08"]
[EventType "swiss"]
[EventRounds "4"]
[EventCountry "CAN"]
[SourceTitle "EXT 2011"]
[Source "ChessBase"]
[SourceDate "2011.11.26"]
[SourceVersion "1"]
[SourceVersionDate "2011.11.26"]
[SourceQuality "1"]

1. g3 d5 2. c4 c6 3. b3 e6 4. Bg2 Nf6 5. Nf3 Be7 6. O-O O-O 7. d3 Nbd7 8. Nc3 Qa5 9. Qc2 Ne8 10. cxd5 cxd5 11. Bd2 Qd8 12. Rac1 a6 13. Qb1 Nef6 14. Na4 b5 15. Nb2 Bb7 16. Rc2 Rc8 17. Rfc1 Qb6 18. Be3 Qd6 19. Bf4 e5 20. Bd2 Qb8 21. Ba5 Bd6 22. Nd2 Rfe8 23. e4 dxe4 24. Nxe4 Nxe4 25. dxe4 Nc5 26. Re1 Ne6 27. Rd2 Nd4 28. Bb6 Bb4 29. Bxd4 Bxd2 30. Rd1 Bh6 31. Bb6 Rc6 32. Ba5 Rec8 33. Qd3 Rc1 34. Bd2 Rxd1+ 35. Nxd1 Bxd2 36. Qxd2 Qc7 37. Qb2 Qc1 38. Bf3 Qxb2 39. Nxb2 Rc1+ 40. Kg2 f6 41. a4 Rb1 42. Nd3 bxa4 43. bxa4 Bc6 44. Nc5 a5 45. Be2 Rb4 46. Bd1 Bxe4+ 47. Nxe4 Rxe4 48. Kf3 Rd4 49. Bb3+ Kf8 50. g4 h5 51. h3 hxg4+ 52. hxg4 Ke7 53. Ke2 Kd6 54. Ke3 Rf4 55. Bd1 Rb4 56. Bc2 Kd5 57. Kd3 Rd4+ 58. Kc3 Rc4+ 59. Kb3 0-1

[Event "Winnipeg TNT January op"]
[Site "Winnipeg CAN"]
[Date "2008.01.22"]
[Round "3"]
[White "Adol, Deng"]
[Black "Green, Aaron"]
[Result "1-0"]
[WhiteElo "1804"]
[BlackElo "1563"]
[PlyCount "39"]
[GameId "2160767910549272"]
[EventDate "2008.01.08"]
[EventType "swiss"]
[EventRounds "4"]
[EventCountry "CAN"]
[SourceTitle "EXT 2011"]
[Source "ChessBase"]
[SourceDate "2011.11.26"]
[SourceVersion "1"]
[SourceVersionDate "2011.11.26"]
[SourceQuality "1"]

1. e4 c5 2. a3 d6 3. Bc4 Nf6 4. d3 g6 5. h3 Bg7 6. Nc3 e6 7. Bg5 h6 8. Bh4 O-O 9. Qd2 Nc6 10. O-O-O a6 11. g4 g5 12. Bg3 e5 13. f3 b5 14. Ba2 Be6 15. Nd5 Bxd5 16. exd5 Ne7 17. h4 Nfxd5 18. hxg5 hxg5 19. Qxg5 Nc7 20. Qh5 1-0

[Event "Winnipeg TNT January op"]
[Site "Winnipeg CAN"]
[Date "2008.01.22"]
[Round "3"]
[White "Atem, James"]
[Black "Lipnowski, Samuel"]
[Result "0-1"]
[WhiteElo "1842"]
[BlackElo "2290"]
[PlyCount "110"]
[GameId "2160767910549273"]
[EventDate "2008.01.08"]
[EventType "swiss"]
[EventRounds "4"]
[EventCountry "CAN"]
[SourceTitle "EXT 2011"]
[Source "ChessBase"]
[SourceDate "2011.11.26"]
[SourceVersion "1"]
[SourceVersionDate "2011.11.26"]
[SourceQuality "1"]

1. d4 d5 2. Nf3 Nf6 3. Bg5 Ne4 4. g3 Nxg5 5. Nxg5 e5 6. Nf3 e4 7. Nfd2 Be7 8. Bg2 O-O 9. O-O f5 10. e3 Be6 11. Qe2 c6 12. c4 a6 13. c5 Nd7 14. b3 Nxc5 15. dxc5 Bf6 16. Nc3 Bxc3 17. Rac1 Bf6 18. b4 Qe7 19. Nb3 Rae8 20. a4 g5 21. a5 Bg7 22. Qd2 f4 23. exf4 gxf4 24. Nd4 Bd7 25. gxf4 Bh6 26. Ne2 Qh4 27. Qe3 Rxf4 28. Qg3+ Rg4 29. Qxh4 Rxh4 30. Rb1 Kh8 31. Rb3 Bg7 32. Kh1 Be5 33. Ng3 Rf8 34. Kg1 Rhf4 35. Ne2 R4f7 36. f3 exf3 37. Rbxf3 Rxf3 38. Rxf3 Rxf3 39. Bxf3 Bf5 40. Kf2 Bxh2 41. Ke3 Be5 42. Nd4 Bd7 43. Be2 Kg7 44. Bd3 h5 45. Be2 h4 46. Bf3 Bxd4+ 47. Kxd4 Kf6 48. Bg2 h3 49. Bf3 h2 50. Ke3 Ke5 51. Bh1 Bf5 52. Kf2 Be4 53. Bxe4 Kxe4 54. Kg2 d4 55. Kxh2 d3 0-1

[Event "Winnipeg TNT January op"]
[Site "Winnipeg CAN"]
[Date "2008.01.22"]
[Round "3"]
[White "Crawford, Gary"]
[Black "Wierda, John"]
[Result "0-1"]
[WhiteElo "1336"]
[BlackElo "1679"]
[PlyCount "54"]
[GameId "2160767910549274"]
[EventDate "2008.01.08"]
[EventType "swiss"]
[EventRounds "4"]
[EventCountry "CAN"]
[SourceTitle "EXT 2011"]
[Source "ChessBase"]
[SourceDate "2011.11.26"]
[SourceVersion "1"]
[SourceVersionDate "2011.11.26"]
[SourceQuality "1"]

1. e4 e6 2. d4 d5 3. Nd2 Nf6 4. e5 Nfd7 5. f4 c5 6. c3 Nc6 7. Ndf3 Qb6 8. Ne2 Be7 9. Qc2 cxd4 10. cxd4 O-O 11. Be3 f6 12. Kf2 fxe5 13. dxe5 Qd8 14. Ned4 Nxd4 15. Bxd4 Rxf4 16. Bd3 h6 17. Ke2 b6 18. Raf1 Nc5 19. Bh7+ Kh8 20. b4 Ne4 21. g3 Ba6+ 22. Ke3 Rxf3+ 23. Rxf3 Bg5+ 24. Rf4 Bxf4+ 25. gxf4 Kxh7 26. Qg2 Qe7 27. a3 Qf7 0-1

[Event "Winnipeg TNT January op"]
[Site "Winnipeg CAN"]
[Date "2008.01.22"]
[Round "3"]
[White "Evans, Brian"]
[Black "Cleto, Sam"]
[Result "0-1"]
[WhiteElo "1508"]
[BlackElo "1870"]
[PlyCount "64"]
[GameId "2160767910549275"]
[EventDate "2008.01.08"]
[EventType "swiss"]
[EventRounds "4"]
[EventCountry "CAN"]
[SourceTitle "EXT 2011"]
[Source "ChessBase"]
[SourceDate "2011.11.26"]
[SourceVersion "1"]
[SourceVersionDate "2011.11.26"]
[SourceQuality "1"]

1. e4 Nf6 2. e5 Nd5 3. d4 e6 4. c4 Nb6 5. d5 d6 6. dxe6 Bxe6 7. c5 dxc5 8. Qxd8+ Kxd8 9. Nc3 Nc6 10. Bg5+ Be7 11. Rd1+ Ke8 12. Bxe7 Kxe7 13. f4 Rhd8 14. Rxd8 Rxd8 15. Nf3 a6 16. Be2 Nd4 17. O-O Nxe2+ 18. Nxe2 Bxa2 19. Rc1 Na4 20. Ra1 Bb3 21. Kf2 Nxb2 22. Rb1 Nd3+ 23. Kg3 Bd5 24. Nd2 b5 25. Nc3 c6 26. Ra1 Nb4 27. Nde4 Bxe4 28. Nxe4 c4 29. Nd6 Rxd6 30. exd6+ Kxd6 31. Kf3 c3 32. Ke3 Nc2+ 0-1

[Event "Winnipeg TNT January op"]
[Site "Winnipeg CAN"]
[Date "2008.01.22"]
[Round "3"]
[White "Gibbons, Lorne"]
[Black "Letain, Cory"]
[Result "0-1"]
[WhiteElo "1273"]
[BlackElo "1362"]
[PlyCount "37"]
[GameId "2160767910549276"]
[EventDate "2008.01.08"]
[EventType "swiss"]
[EventRounds "4"]
[EventCountry "CAN"]
[SourceTitle "EXT 2011"]
[Source "ChessBase"]
[SourceDate "2011.11.26"]
[SourceVersion "1"]
[SourceVersionDate "2011.11.26"]
[SourceQuality "1"]

1. d4 d5 2. c4 c6 3. Nc3 Nf6 4. Bf4 dxc4 5. a4 Bf5 6. f3 e6 7. e4 Bg6 8. Bxc4 Bb4 9. Qb3 a5 10. Be3 Nbd7 11. Nge2 O-O 12. Kf2 e5 13. Rad1 Qc7 14. d5 Nc5 15. Qc2 Rad8 16. Rd2 Rd6 17. Rhd1 Rfd8 18. Ng3 cxd5 19. exd5 0-1

[Event "Winnipeg TNT January op"]
[Site "Winnipeg CAN"]
[Date "2008.01.22"]
[Round "3"]
[White "Magnusson, Saul"]
[Black "Trueman, Francis"]
[Result "1-0"]
[WhiteElo "1453"]
[BlackElo "1455"]
[PlyCount "51"]
[GameId "2160767910549277"]
[EventDate "2008.01.08"]
[EventType "swiss"]
[EventRounds "4"]
[EventCountry "CAN"]
[SourceTitle "EXT 2011"]
[Source "ChessBase"]
[SourceDate "2011.11.26"]
[SourceVersion "1"]
[SourceVersionDate "2011.11.26"]
[SourceQuality "1"]

1. e4 d6 2. d4 Nd7 3. Nf3 e5 4. Bc4 Ngf6 5. Ng5 d5 6. exd5 exd4 7. O-O Be7 8. d6 O-O 9. dxe7 Qxe7 10. Qxd4 h6 11. Nf3 Nb6 12. Bb3 Re8 13. Nc3 Rd8 14. Qe3 Qd6 15. h3 Bd7 16. Qf4 Qf8 17. Be3 c5 18. Ne5 c4 19. Nxc4 Bb5 20. Nxb6 Nh5 21. Qg4 Nf6 22. Qf5 axb6 23. Nxb5 Rac8 24. Bxh6 Rc5 25. Qxf6 Rxb5 26. Bxf7+ 1-0

[Event "Winnipeg TNT January op"]
[Site "Winnipeg CAN"]
[Date "2008.01.22"]
[Round "3"]
[White "Mundwiler, Les"]
[Black "Lauritson, Jim"]
[Result "0-1"]
[WhiteElo "2049"]
[BlackElo "1998"]
[PlyCount "64"]
[GameId "2160767910549278"]
[EventDate "2008.01.08"]
[EventType "swiss"]
[EventRounds "4"]
[EventCountry "CAN"]
[SourceTitle "EXT 2011"]
[Source "ChessBase"]
[SourceDate "2011.11.26"]
[SourceVersion "1"]
[SourceVersionDate "2011.11.26"]
[SourceQuality "1"]

1. d4 Nf6 2. c4 e6 3. Nf3 b6 4. e3 Bb7 5. Be2 d5 6. cxd5 exd5 7. O-O Bd6 8. Nc3 a6 9. a3 Nbd7 10. b4 O-O 11. Nd2 c5 12. bxc5 bxc5 13. Nf3 Ne4 14. Bd2 c4 15. Nxe4 dxe4 16. Ne1 Qc7 17. g3 Bd5 18. Bc3 Rfb8 19. Qd2 a5 20. Bd1 a4 21. Bc2 Rb3 22. f3 Nf6 23. Bxb3 axb3 24. fxe4 Nxe4 25. Qb2 Bxg3 26. Rc1 Rxa3 27. Rf5 Ra2 28. Rxd5 Rxb2 29. Bxb2 Bxh2+ 30. Kf1 h6 31. Ke2 c3 32. Nf3 Qc4+ 0-1

[Event "Winnipeg TNT January op"]
[Site "Winnipeg CAN"]
[Date "2008.01.22"]
[Round "3"]
[White "Tang, Edward"]
[Black "Silva, T Romero"]
[Result "1-0"]
[WhiteElo "1970"]
[BlackElo "1774"]
[PlyCount "75"]
[GameId "2160767910549279"]
[EventDate "2008.01.08"]
[EventType "swiss"]
[EventRounds "4"]
[EventCountry "CAN"]
[SourceTitle "EXT 2011"]
[Source "ChessBase"]
[SourceDate "2011.11.26"]
[SourceVersion "1"]
[SourceVersionDate "2011.11.26"]
[SourceQuality "1"]

1. d4 Nf6 2. c4 e6 3. Nc3 c5 4. d5 exd5 5. cxd5 d6 6. e4 g6 7. f4 Bg7 8. Bb5+ Bd7 9. Be2 O-O 10. Nf3 a6 11. O-O Bg4 12. e5 Ne8 13. e6 fxe6 14. Ng5 Bf5 15. g4 h6 16. gxf5 hxg5 17. fxe6 Bd4+ 18. Kh1 g4 19. Bxg4 Kg7 20. Qf3 Rh8 21. Qg3 Bf6 22. Bf5 Rh6 23. Be3 Bh4 24. Qg2 Qf6 25. Bd3 Kf8 26. Ne4 Qg7 27. Ng5 Ke7 28. Nf7 Nf6 29. Nxh6 Qxh6 30. Rad1 Nbd7 31. exd7 Nxd7 32. Qxg6 Qh8 33. Bf2 Bf6 34. Rde1+ Kd8 35. Bf5 Kc7 36. Bxd7 Kxd7 37. Qf7+ Kc8 38. Re8+ 1-0

[Event "Winnipeg TNT January op"]
[Site "Winnipeg CAN"]
[Date "2008.01.22"]
[Round "3"]
[White "Wood, Nathaniel"]
[Black "Kernetsky, Myron"]
[Result "0-1"]
[WhiteElo "1593"]
[BlackElo "1896"]
[PlyCount "57"]
[GameId "2160767910557472"]
[EventDate "2008.01.08"]
[EventType "swiss"]
[EventRounds "4"]
[EventCountry "CAN"]
[SourceTitle "EXT 2011"]
[Source "ChessBase"]
[SourceDate "2011.11.26"]
[SourceVersion "1"]
[SourceVersionDate "2011.11.26"]
[SourceQuality "1"]

1. Nf3 Nf6 2. g3 d5 3. Bg2 c5 4. O-O Nc6 5. d4 e6 6. c4 cxd4 7. Nxd4 Be7 8. cxd5 Nxd5 9. Nxc6 bxc6 10. Nd2 O-O 11. e4 Nb6 12. Qc2 Ba6 13. Re1 Rc8 14. f4 Bd3 15. Qd1 Bc5+ 16. Kh1 Bf2 17. b3 Bxe1 18. Qxe1 Qd4 19. Ba3 Rfd8 20. e5 c5 21. Nf3 Qd7 22. Rd1 Qb5 23. Qd2 h6 24. Qf2 Nd5 25. Nh4 Nb4 26. g4 Be2 27. Rd6 Bxg4 28. Bf1 Qa5 29. Qd2 0-1

[Event "Winnipeg TNT January op"]
[Site "Winnipeg CAN"]
[Date "2008.01.29"]
[Round "4"]
[White "Atem, James"]
[Black "Mundwiler, Les"]
[Result "0-1"]
[WhiteElo "1842"]
[BlackElo "2049"]
[PlyCount "76"]
[GameId "2160767910557473"]
[EventDate "2008.01.08"]
[EventType "swiss"]
[EventRounds "4"]
[EventCountry "CAN"]
[SourceTitle "EXT 2011"]
[Source "ChessBase"]
[SourceDate "2011.11.26"]
[SourceVersion "1"]
[SourceVersionDate "2011.11.26"]
[SourceQuality "1"]

1. e4 e5 2. Nf3 Nc6 3. Bb5 a6 4. Bxc6 dxc6 5. O-O Qd6 6. Na3 f6 7. Nh4 Be6 8. Qe2 b5 9. g3 Qd7 10. d3 g5 11. Ng2 h5 12. Nb1 h4 13. Be3 hxg3 14. fxg3 Qh7 15. Ne1 Be7 16. Rf2 Nh6 17. Nf3 Ng4 18. Rg2 Nxe3 19. Qxe3 c5 20. Nbd2 Bd6 21. Nb3 Qe7 22. c4 c6 23. Rc2 b4 24. a3 bxa3 25. Rxa3 Bc8 26. Ra5 Rb8 27. Nxc5 g4 28. Nd2 Rb6 29. Ncb3 Qh7 30. Qf2 Rb8 31. c5 Be7 32. Nc1 Rb5 33. Nc4 Bxc5 34. Nd6+ Bxd6 35. Rxb5 axb5 36. Rxc6 Qd7 37. Qb6 Bb8 38. Nb3 Ba7 0-1

[Event "Winnipeg TNT January op"]
[Site "Winnipeg CAN"]
[Date "2008.01.29"]
[Round "4"]
[White "Cleto, Sam"]
[Black "Greenberg, Harley"]
[Result "1-0"]
[WhiteElo "1870"]
[BlackElo "1820"]
[PlyCount "83"]
[GameId "2160767910557474"]
[EventDate "2008.01.08"]
[EventType "swiss"]
[EventRounds "4"]
[EventCountry "CAN"]
[SourceTitle "EXT 2011"]
[Source "ChessBase"]
[SourceDate "2011.11.26"]
[SourceVersion "1"]
[SourceVersionDate "2011.11.26"]
[SourceQuality "1"]

1. Nf3 Nf6 2. h3 d5 3. c4 Nc6 4. cxd5 Qxd5 5. d4 Bf5 6. Nc3 Qd7 7. e3 Nb4 8. Ne5 Nc2+ 9. Qxc2 Bxc2 10. Nxd7 Nxd7 11. e4 f5 12. f3 fxe4 13. fxe4 Nf6 14. e5 Ne4 15. Be3 Ng3 16. Rg1 Nxf1 17. Rxf1 e6 18. Rc1 Bd3 19. Rf3 Be7 20. Bf4 Ba6 21. d5 Rd8 22. dxe6 O-O 23. Bg3 Rxf3 24. gxf3 Rd3 25. Ne4 h5 26. Rxc7 Re3+ 27. Kf2 Re2+ 28. Kg1 h4 29. Bf2 Bb4 30. a3 Be1 31. Rc8+ Kh7 32. e7 Bxf2+ 33. Nxf2 Re1+ 34. Kg2 Bf1+ 35. Kh2 Bb5 36. e8=Q Bxe8 37. Rxe8 Re2 38. Kg2 Kg6 39. Kf1 Rxb2 40. Rf8 Rb3 41. f4 Rxa3 42. Ke2 1-0

[Event "Winnipeg TNT January op"]
[Site "Winnipeg CAN"]
[Date "2008.01.29"]
[Round "4"]
[White "Gibbons, Lorne"]
[Black "Crawford, Gary"]
[Result "0-1"]
[WhiteElo "1273"]
[BlackElo "1336"]
[PlyCount "56"]
[GameId "2160767910557475"]
[EventDate "2008.01.08"]
[EventType "swiss"]
[EventRounds "4"]
[EventCountry "CAN"]
[SourceTitle "EXT 2011"]
[Source "ChessBase"]
[SourceDate "2011.11.26"]
[SourceVersion "1"]
[SourceVersionDate "2011.11.26"]
[SourceQuality "1"]

1. d4 d5 2. c4 c6 3. Nc3 Nf6 4. Bf4 dxc4 5. a4 Nd5 6. Bxb8 Nxc3 7. bxc3 Rxb8 8. e4 Qa5 9. Kd2 Qg5+ 10. Kc2 Be6 11. Nh3 Bxh3 12. gxh3 Qh4 13. Qe2 g6 14. Rg1 h5 15. Rg3 e6 16. Qxc4 Qxe4+ 17. Bd3 Qd5 18. Qxd5 exd5 19. Re1+ Kd7 20. c4 Bd6 21. Rg2 a6 22. Ra1 dxc4 23. Bxc4 Rhf8 24. f3 Rbe8 25. Rf1 Re3 26. Rff2 Ke7 27. h4 Bb4 28. Be2 Rd8 0-1